Parliamentary museum: bringing parliament closer to people, a high tech experiment o (Record no. 524712)
[ view plain ]
| 000 -LEADER | |
|---|---|
| fixed length control field | 00262nam a2200085 4500 |
| 082 ## - DEWEY DECIMAL CLASSIFICATION NUMBER | |
| Classification number | G1x54 PA |
| 245 ## - TITLE STATEMENT | |
| Title | Parliamentary museum: bringing parliament closer to people, a high tech experiment o |
| Statement of responsibility, etc | |
| 260 ## - PUBLICATION, DISTRIBUTION, ETC. (IMPRINT) | |
| Place of publication, distribution, etc | New Delhi |
| Name of publisher, distributor, etc | Lok Sabha Secretariat |
| Date of publication, distribution, etc | 2007 |
| 300 ## - PHYSICAL DESCRIPTION | |
| Extent | 51p. |
| Withdrawn status | Lost status | Source of classification or shelving scheme | Damaged status | Koha normalized classification for sorting | Not for loan | Permanent location | Current location | Date acquired | Full call number | Barcode | Date last seen | Price effective from | Koha item type |
|---|---|---|---|---|---|---|---|---|---|---|---|---|---|
| G_1X54_PA | Indian Institute of Public Administration | Indian Institute of Public Administration | 2024-01-15 | G1x54 PA | gg35060 | 2024-01-15 | 2024-01-15 | GG |
